Nahé a v pohybe (Record no. 21192)
[ view plain ]
| 000 -LEADER | |
|---|---|
| fixed length control field | 01588cam a2200469 a 4500 |
| 001 - CONTROL NUMBER | |
| control field | 21192 |
| 003 - CONTROL NUMBER IDENTIFIER | |
| control field | VRT |
| 005 - DATE AND TIME OF LATEST TRANSACTION | |
| control field | 20260224143334.0 |
| 008 - FIXED-LENGTH DATA ELEMENTS--GENERAL INFORMATION | |
| fixed length control field | 240322s1990 xo gr 000 pdslo |
| 015 ## - NATIONAL BIBLIOGRAPHY NUMBER | |
| National bibliography number | SNBA1990/07 |
| 020 ## - INTERNATIONAL STANDARD BOOK NUMBER | |
| International Standard Book Number | 8022001856 |
| Qualifying information | (viazané) |
| 035 ## - SYSTEM CONTROL NUMBER | |
| System control number | 0DBA6BC1-39E2-4AF7-ABEE-FBAC07A56A6A |
| 035 ## - SYSTEM CONTROL NUMBER | |
| System control number | SNK000005641 |
| 035 ## - SYSTEM CONTROL NUMBER | |
| System control number | urn:nbn:sk:snk-am004q78 |
| 035 ## - SYSTEM CONTROL NUMBER | |
| System control number | urn:nbn:sk:snk-amku69 |
| 039 #9 - LEVEL OF BIBLIOGRAPHIC CONTROL AND CODING DETAIL [OBSOLETE] | |
| Level of rules in bibliographic description | 202403221340 |
| Level of effort used to assign nonsubject heading access points | VLOAD |
| Level of effort used to assign subject headings | 202402261754 |
| Level of effort used to assign classification | VLOAD |
| Level of effort used to assign subject headings | 202307251214 |
| Level of effort used to assign classification | msnk160 |
| Level of effort used to assign subject headings | 202109281330 |
| Level of effort used to assign classification | VLOAD |
| 040 ## - CATALOGING SOURCE | |
| Original cataloging agency | SNK |
| Language of cataloging | slo |
| Transcribing agency | SNK |
| Description conventions | AACR2 |
| 041 0# - LANGUAGE CODE | |
| Language code of text/sound track or separate title | slo |
| 044 ## - COUNTRY OF PUBLISHING/PRODUCING ENTITY CODE | |
| MARC country code | xo |
| ISO country code | SK |
| 072 #7 - SUBJECT CATEGORY CODE | |
| Subject category code | 821.162.4-1 |
| Subject category code subdivision | Slovenská poézia |
| Source | konspekt |
| 080 ## - UNIVERSAL DECIMAL CLASSIFICATION NUMBER | |
| Universal Decimal Classification number | 821.162.4-1 |
| Edition identifier | 2011 |
| 080 ## - UNIVERSAL DECIMAL CLASSIFICATION NUMBER | |
| Universal Decimal Classification number | (0:82-146.2) |
| Edition identifier | 2011 |
| 100 1# - MAIN ENTRY--PERSONAL NAME | |
| Personal name | Holečka, Emil, |
| Dates associated with a name | 1946- |
| Relationship | aut |
| 245 10 - TITLE STATEMENT | |
| Title | Nahé a v pohybe |
| Statement of responsibility, etc. | Emil Holečka |
| 250 ## - EDITION STATEMENT | |
| Edition statement | 1. vyd. |
| 260 ## - PUBLICATION, DISTRIBUTION, ETC. | |
| Place of publication, distribution, etc. | Bratislava |
| Name of publisher, distributor, etc. | Slovenský spisovateľ |
| Date of publication, distribution, etc. | 1990 |
| 300 ## - PHYSICAL DESCRIPTION | |
| Extent | 62 strán |
| Dimensions | 23 cm |
| 366 ## - TRADE AVAILABILITY INFORMATION | |
| Note | 400 kusov |
| 490 1# - SERIES STATEMENT | |
| Series statement | Nová poézia |
| 500 ## - GENERAL NOTE | |
| General note | Obsahuje biografické údaje o autorovi |
| 655 #7 - INDEX TERM--GENRE/FORM | |
| Genre/form data or focus term | slovenská poézia |
| Source of term | SNKPH |
| 655 #7 - INDEX TERM--GENRE/FORM | |
| Genre/form data or focus term | ľubostná poézia |
| Source of term | SNKPH |
| 830 #0 - SERIES ADDED ENTRY--UNIFORM TITLE | |
| Uniform title | Nová poézia |
| 942 ## - ADDED ENTRY ELEMENTS (KOHA) | |
| Source of classification or shelving scheme | Dewey Decimal Classification |
| Koha item type | Krásna literatúra pre dospelých |
| Suppress in OPAC | No |
| 949 ## - LOCAL PROCESSING INFORMATION (OCLC) | |
| 6 | 17A0353642 |
| 9 | P60, <04>, [BOOK], {604} |
| a | snkSC 77959 D2 |
| b | snkKSP 10009/2002 |
| 949 ## - LOCAL PROCESSING INFORMATION (OCLC) | |
| 6 | 273K0246272 |
| a | svkpoB 59732 |
| b | svkpo369636 |
| 949 ## - LOCAL PROCESSING INFORMATION (OCLC) | |
| 6 | 270001000052825 |
| a | svkbbB 24686 |
| b | svkbbm 553904 |
| 949 ## - LOCAL PROCESSING INFORMATION (OCLC) | |
| 6 | 17A0991115 |
| a | snkSC 77959 |
| 949 ## - LOCAL PROCESSING INFORMATION (OCLC) | |
| 6 | 17A1163031 |
| a | snkSC 77959 D1 |
| b | snkKSP 7479/90 |
| s | 6100:20140925 |
| 949 ## - LOCAL PROCESSING INFORMATION (OCLC) | |
| 6 | 273K0246271 |
| a | svkpoB 59732a |
| b | svkpo369637 |
| Stav vyradenia | Strata | Poškodenie | Spôsob nadobudnutia | Domovská knižnica | Aktuálna knižnica | Dátum nadobudnutia | Total checkouts | Čiarový kód exemplára | Date last seen | Typ exemplára |
|---|---|---|---|---|---|---|---|---|---|---|
| Dar | Obecná knižnica Horná Štubňa | Obecná knižnica Horná Štubňa | 24.02.2026 | 4736201466 | 24.02.2026 | Krásna literatúra pre dospelých |
